[Event "6th Gibtelecom Masters"]
[Site "Gibraltar ENG"]
[Date "2008.01.29"]
[Round "8"]
[White "Norinkeviciute,R"]
[Black "Tscharotschkin,M"]
[Result "1/2-1/2"]
[WhiteElo "2064"]
[BlackElo "2272"]

1.c4 c6 2.g3 d5 3.Bg2 Nf6 4.Nf3 Bf5 5.Qb3 Qb6 6.d3 dxc4 7.Qxc4 Nbd7 8.O-O h6
9.Nc3 e5 10.Be3 Qc7 11.Rac1 Be6 12.Qa4 Be7 13.d4 O-O 14.h3 Rfd8 15.Rfd1 exd4
16.Nxd4 Nf8 17.Nxe6 Rxd1+ 18.Rxd1 Nxe6 19.a3 Nc5 20.Qc2 Ne6 21.Qf5 Rd8 22.Qc2 b6
23.Rxd8+ Bxd8 24.Ne4 Nd5 25.Bc1 Be7 26.Nc3 Nf6 27.Qd3 c5 28.Qa6 Ne8 29.Nb5 Qd7
30.Qxa7 Qd1+ 31.Bf1 Bf6 32.Be3 Bxb2 33.Qxb6 Qd5 34.Bg2 Qd1+ 35.Kh2 Nf6 36.Bf3 c4
37.Nd6 c3 38.Qb8+ Nf8 39.Nc4 Qa1 40.Bd4 Bxa3 41.Nxa3 Qxa3 42.Qc8 Nd7 43.Qxc3 Qxc3
44.Bxc3 Ne6 45.Kg2 Kf8 46.Bc6 Ndc5 47.Bb4 Kg8 48.Bd5 Na6 49.Bd6 Nac7 50.Bc4 Ne8
51.Bb4 Ng5 52.f4 Ne4 53.Kf3 N4d6 54.Ba2 Nf5 55.Bc5 g6 56.e4 Nfg7 57.Ke3 Nc7
58.Bc4 Nce6 59.Bd6 Nf8 60.Kd4 Nfe6+ 61.Ke5 Nh5 62.Bxe6 fxe6 63.Kxe6 Nxg3
64.e5 Nh5 65.Kd7 Nxf4 66.e6 Nd5 67.Be7 g5 68.Bd8 Kf8 69.Ba5 Nf6+ 70.Kd8 Nd5
71.Bb4+ Kg7 72.e7 Nxe7 73.Kxe7 Kg6 74.Ke6 g4 75.h4 g3 76.Be1 g2 77.Bf2 Kh5
78.Kf5 g1=Q 79.Bxg1 Kxh4  1/2-1/2

[Event "6th Gibtelecom Masters"]
[Site "Gibraltar ENG"]
[Date "2008.01.29"]
[Round "8"]
[White "Dimitrov,R"]
[Black "Almond,R"]
[Result "1/2-1/2"]
[WhiteElo "2341"]
[BlackElo "2107"]

1.c4 c6 2.Nc3 d5 3.d4 Nf6 4.Nf3 e6 5.Bg5 Be7 6.e3 Nbd7 7.Bd3 O-O 8.O-O h6
9.Bh4 dxc4 10.Bxc4 b5 11.Bd3 a6 12.a4 Bb7 13.Rc1 Rc8 14.Qe2 Re8 15.Rfd1 Qb6
16.Ne5 Nxe5 17.dxe5 Nd5 18.Nxd5 exd5 19.Bf6 Qd8 20.Bxg7 Kxg7 21.Qg4+ Bg5
22.f4 Rc7 23.Qf5 Rh8 24.fxg5 Qxg5 25.Qxg5+ hxg5 26.axb5 axb5 27.Bxb5 Re8
28.Rc5 Rcc8 29.Ba4 Rxe5 30.Rd3 Re4 31.b3 Rce8 32.Kf2 R8e6 33.Rdc3 Rf6+ 34.Kg3 Rfe6
35.Bxc6 Bxc6 36.Rxc6 Rxc6 37.Rxc6 Rxe3+ 38.Kg4 Rxb3  1/2-1/2

[Event "Winter Open"]
[Site "Belgrade SRB"]
[Date "2008.01.30"]
[Round "9"]
[White "Maric,Dr"]
[Black "Lorens Ristovic,L"]
[Result "1-0"]
[WhiteElo "2300"]
[BlackElo "2103"]

1.c4 c6 2.Nf3 d5 3.Qc2 Nf6 4.b4 g6 5.Bb2 Bg7 6.g3 O-O 7.Bg2 Nbd7 8.O-O Re8
9.cxd5 cxd5 10.Nc3 a6 11.d4 Nb6 12.Ne5 Bf5 13.Qb3 Be6 14.Nd3 Nc4 15.Rad1 Nxb2
16.Qxb2 Bf5 17.Nf4 e6 18.e3 g5 19.Nfe2 Rc8 20.f3 Nd7 21.e4 dxe4 22.fxe4 Bg6
23.e5 Rc4 24.Qb3 b5 25.Ne4 Bf8 26.a3 h6 27.N2c3 Qb6 28.Nc5 Nxe5 29.N3e4 Bg7
30.dxe5 Rxe4 31.Rd6 Qa7 32.Rxa6  1-0

[Event "6th Gibtelecom Masters"]
[Site "Gibraltar ENG"]
[Date "2008.01.31"]
[Round "10"]
[White "Norinkeviciute,R"]
[Black "Georgieva,E"]
[Result "1-0"]
[WhiteElo "2064"]
[BlackElo "1985"]

1.c4 c6 2.g3 d5 3.Bg2 dxc4 4.Nf3 b5 5.a4 Bb7 6.Na3 a6 7.Qc2 e6 8.O-O Bxa3
9.Rxa3 Ne7 10.Rd1 O-O 11.Ng5 g6 12.d3 cxd3 13.Raxd3 Qc7 14.Ne4 Nd5 15.Rxd5 exd5
16.Nf6+ Kh8 17.Qc3 b4 18.Qd4 c5 19.Qh4 h5 20.Qg5 Kg7 21.Nxh5+ Kh7 22.Qf6 gxh5
23.Bh6  1-0

[Event "13th HIT Open A"]
[Site "Nova Gorica SLO"]
[Date "2008.02.01"]
[Round "9"]
[White "Markus,Rob"]
[Black "Erdos,V"]
[Result "1/2-1/2"]
[WhiteElo "2575"]
[BlackElo "2575"]

1.c4 c6 2.e4 d5 3.exd5 cxd5 4.cxd5 Nf6 5.Nc3 Nxd5 6.Nf3 e6 7.Bc4 Nc6 8.O-O Be7
9.d4 O-O 10.Be3 Nxc3 11.bxc3 b6 12.Bd3 Bb7 13.Qc2 g6 14.Qe2  1/2-1/2

[Event "FINEC GMB"]
[Site "St Petersburg RUS"]
[Date "2008.02.01"]
[Round "9"]
[White "Zacurdajev,M"]
[Black "Ginzburg,Mi"]
[Result "0-1"]
[WhiteElo "2408"]
[BlackElo "2262"]

1.c4 c6 2.e4 d5 3.exd5 cxd5 4.d4 Nc6 5.Nc3 e6 6.Nf3 Nf6 7.Bd3 dxc4 8.Bxc4 Be7
9.O-O O-O 10.a3 a6 11.Ba2 Qa5 12.Qe2 Re8 13.Bf4 Qf5 14.Qd2 b5 15.Rfe1 Rd8
16.Rac1 b4 17.axb4 Bxb4 18.Bb1 Qh5 19.Bg5 Bb7 20.Bxf6 gxf6 21.Qf4 f5 22.d5 exd5
23.Ne5 Bf8 24.Qg3+ Bg7 25.Nxc6 Bxc6 26.Ne2 Rac8 27.Nd4 Bd7 28.h3 Qg6 29.Rxc8 Rxc8
30.Qf4 Qf6 31.Rd1 Qe5 32.Qh4 h6 33.Qh5 f4 34.Bf5 Rc4 35.Qg4 h5 36.Qg5 Rxd4
37.Rxd4 Qxf5 38.Qxf5 Bxf5 39.Rxd5 Be6 40.Rxh5 Bxb2 41.Ra5 Bc8 42.Rc5 Bd7
43.Rd5 Bb5 44.Rf5 Bc1 45.Rc5 Ba3 46.Rf5 Bd6 47.Rd5 Bc7 48.Rc5 Bd6 49.Rd5 Bf8
50.Rf5 Bh6 51.g4 fxg3 52.fxg3 Be3+ 53.Kg2 Bd2 54.Kf2 Kg7 55.Rd5 Bb4 56.g4 Bc6
57.Rg5+ Kh7 58.Ke3 a5 59.Rf5 Kg7 60.Rg5+ Kf8 61.Kd3 a4 62.Kc4 Be7 63.Ra5 a3
64.Ra7 Be4 65.Kd4 Bb1 66.g5 a2 67.h4 Kg7 68.Ra6 Bd8 69.Kc3 Bc7 70.Kd4 Bf4
71.Ra7 Kg6 72.Ra4 Kf5 73.Ra5+ Kg4  0-1

[Event "Noteboom Mem A"]
[Site "Leiden NED"]
[Date "2008.02.02"]
[Round "3"]
[White "Lalic,B"]
[Black "Van Roosmalen,S"]
[Result "1-0"]
[WhiteElo "2507"]
[BlackElo "2199"]

1.c4 c6 2.e4 e5 3.Nf3 d6 4.d4 Nd7 5.Nc3 Ngf6 6.Be2 Be7 7.O-O O-O 8.Be3 Re8
9.d5 c5 10.Ne1 Nf8 11.Nd3 Ng6 12.f3 h6 13.Qd2 Bd7 14.a3 Rb8 15.b4 b6 16.Rab1 Nh7
17.g3 Ng5 18.Rb3 a6 19.Rfb1 Nh3+ 20.Kh1 Qc7 21.Qb2 Ra8 22.bxc5 bxc5 23.Rb7 Qd8
24.Qb6 Bc8 25.Qxd8 Bxd8 26.R7b2 Bd7 27.Bd1 f5 28.Kg2 f4 29.Bd2 Ba5 30.Ba4 Bxa4
31.Nxa4 Bxd2 32.Rxd2 Ng5 33.h4 Nf7 34.h5 Ngh8 35.gxf4 exf4 36.Rb6 g5 37.e5 Rxe5
38.Nxe5 Nxe5 39.Rdb2 Nxc4 40.Rb8+ Rxb8 41.Rxb8+ Kg7 42.Nc3 Nxa3 43.Rb6 Nf7
44.Rxa6 Nc4 45.Kf2 Ne3 46.Ra7 Kf8 47.Ra8+ Kg7 48.Re8 Ne5 49.Re7+ Kf8 50.Re6 g4
51.Rf6+ Ke7 52.Rxf4 Nc2 53.Ra4 gxf3 54.Ne4 Nd4 55.Ra7+ Kf8 56.Nxd6 Kg8 57.Ne4 Ng4+
58.Kg3 Ne3 59.d6 Nef5+ 60.Kf2 Kf8 61.Ra8+ Kf7 62.d7  1-0

[Event "Noteboom Mem A"]
[Site "Leiden NED"]
[Date "2008.02.03"]
[Round "5"]
[White "Van der Elburg,F"]
[Black "Euser,K"]
[Result "1-0"]
[WhiteElo "2286"]
[BlackElo "1923"]

1.c4 c6 2.g3 d5 3.Nf3 Nf6 4.Bg2 Bf5 5.b3 Nbd7 6.Bb2 Qc7 7.d4 e6 8.O-O Bd6
9.Nc3 O-O 10.Rc1 Qa5 11.Nh4 Bg6 12.Nxg6 hxg6 13.Qd2 Kh7 14.Rc2 Rh8 15.Nxd5 Qxa2
16.Nxf6+ Nxf6 17.Qc3 Ba3 18.Ba1  1-0

[Event "FSGM February"]
[Site "Budapest HUN"]
[Date "2008.02.06"]
[Round "5"]
[White "Roussel Roozmon,T"]
[Black "Arngrimsson,D"]
[Result "1/2-1/2"]
[WhiteElo "2442"]
[BlackElo "2359"]

1.c4 c6 2.e4 d5 3.cxd5 cxd5 4.exd5 Nf6 5.Qa4+ Nbd7 6.Nc3 g6 7.Nf3 Bg7 8.Bc4 O-O
9.d3 a6 10.Qa3 b6 11.O-O Bb7 12.Re1 b5 13.Bb3 Re8 14.Ng5 Nb6 15.d6 e6 16.Nge4 Nfd5
17.Bg5 f6 18.Nxd5 Nxd5 19.Bh4 Nf4 20.Nc5 Qxd6 21.Nxe6 Qxa3 22.bxa3 Nxe6 23.Rxe6 Rxe6
24.Bxe6+ Kf8 25.Rc1 Re8 26.Bb3 f5 27.Kf1 Be5 28.Bg5 Kg7 29.a4 f4 30.Re1 Bc6
31.axb5 axb5 32.d4 Bxd4 33.Rxe8 Bxe8 34.Bxf4 Bc6 35.f3 h6 36.Ke2 g5 37.Kd3 Bc5
38.Be5+ Kg6 39.Ke2 Kf5 40.Bg7 Kg6 41.Be5 Kf5 42.Bg7 Kg6 43.Bb2 Bd6 44.h3 Kf5
45.Bd4 h5 46.Bc2+ Ke6 47.Be4 Be8 48.Be3 Kf6 49.Bd4+ Ke6 50.Kd3 h4 51.Be3 Kf6
52.Kd4 Bf7 53.Bd5 Be8 54.Bd2 Bd7 55.Ba5 Be7 56.Bc7 Kf5 57.Be4+ Kf6 58.Bd5 Kf5
59.Bb7 Bf6+ 60.Kc5 Be7+ 61.Bd6 Bxd6+ 62.Kxd6 Be8 63.Bc6 Bf7 64.Bd5 Bxd5 65.Kxd5 Kf4
66.Ke6 Kg3 67.Kf5 Kxg2 68.Kxg5 Kxh3 69.f4 Kg3 70.f5 h3 71.f6 h2 72.f7 h1=Q
73.f8=Q Qh4+ 74.Kg6 Qg4+ 75.Kh7  1/2-1/2

[Event "Velammal 45th National A ch-IND"]
[Site "Chennai IND"]
[Date "2008.02.07"]
[Round "5"]
[White "Sanjay,N"]
[Black "Vidit,S"]
[Result "1-0"]
[WhiteElo "2354"]
[BlackElo "2319"]

1.c4 c6 2.d4 d5 3.Nf3 Nf6 4.Nc3 dxc4 5.a4 Bg4 6.Ne5 Bh5 7.g3 e6 8.Bg2 Bb4
9.Nxc4 Nd5 10.Qb3 O-O 11.O-O Bxc3 12.bxc3 Bxe2 13.Re1 Bxc4 14.Qxc4 Qd7 15.Rb1 Rc8
16.Bd2 c5 17.Qb5 cxd4 18.c4 Nb6 19.Qxd7 N8xd7 20.Bxb7 Nc5 21.Bxa8 Rxa8 22.a5 Nxc4
23.Bb4 Nd3 24.Red1 Nde5 25.Kg2 Nc6 26.Bc5 N4xa5 27.Bxd4 Nxd4 28.Rxd4 h6 29.Rd6 Nc4
30.Ra6 Kh7 31.Rb7 Kg6 32.Raxa7 Rxa7 33.Rxa7 h5 34.Rc7 Nb6 35.Kf3 Nd5 36.Rb7 Kf6
37.h3 Ne7 38.Rb5 Nd5 39.Ra5 g6 40.Ke4 Nc3+ 41.Kd4 Nd5 42.Ra7 Nb4 43.Rb7 Nd5
44.Ke4 Nc3+ 45.Kd3 Nd5 46.Kd4 Ne7 47.Rb3 Nf5+ 48.Ke4 Nd6+ 49.Kd4 Nf5+ 50.Kd3 Nd6
51.Rb6 Nc8 52.Ra6 Ne7 53.Ke4 Nd5 54.Ra3 Nb4 55.Rf3+ Kg7 56.Rb3 Nd5 57.Ke5 Nf6
58.Rd3 Nh7 59.Rb3 Nf8 60.Kd6 g5 61.Rb5 Kg6 62.Ke7 Nh7 63.h4 gxh4 64.gxh4 Kg7
65.Rxh5 Nf8 66.Rg5+ Ng6+ 67.Rxg6+ fxg6 68.Kxe6 Kh6 69.f4 Kg7 70.Ke7 Kh6 71.Kf8 Kh7
72.Kf7 Kh6 73.Kg8 Kh5 74.Kg7  1-0

[Event "Velammal 45th National A ch-IND"]
[Site "Chennai IND"]
[Date "2008.02.09"]
[Round "7"]
[White "Sanjay,N"]
[Black "Sundararajan,K"]
[Result "1/2-1/2"]
[WhiteElo "2354"]
[BlackElo "2442"]

1.c4 c6 2.d4 d5 3.Nf3 Nf6 4.Qc2 dxc4 5.Qxc4 g6 6.Bf4 Bg7 7.e3 O-O 8.Nbd2 Bf5
9.Qb3 Nbd7 10.Qxb7 Nd5 11.Bg3 e5 12.Bc4 exd4 13.e4 Qe8 14.Bd6 N7b6 15.Bxf8 Bc8
16.Qxa8 Nxa8 17.Bxg7 Kxg7 18.O-O Nf4 19.g3 Nh3+ 20.Kg2 Nb6 21.Rfe1 Nxc4 22.Nxc4 Qe6
23.Ncd2 Qg4 24.Nxd4 Nf4+ 25.Kg1 Nh3+ 26.Kg2 Nf4+ 27.Kg1 Nh3+ 28.Kg2  1/2-1/2

[Event "10th TCh-Euro sen"]
[Site "Dresden GER"]
[Date "2008.02.12"]
[Round "2"]
[White "Vucenovic,D"]
[Black "Nordstrom,F"]
[Result "1-0"]
[WhiteElo "2304"]
[BlackElo "2198"]

1.c4 c6 2.Nf3 d5 3.b3 Bf5 4.Bb2 e6 5.g3 Nf6 6.Bg2 Be7 7.O-O O-O 8.d3 h6 9.Nbd2 Nbd7
10.Re1 Bh7 11.a3 a5 12.Rc1 Bc5 13.d4 Bd6 14.Ne5 Qe7 15.Nxd7 Nxd7 16.c5 Bc7
17.e4 dxe4 18.Nxe4 Rfd8 19.Qe2 Bxe4 20.Bxe4 Nf6 21.Bd3 Nd5 22.f4 Qf6 23.Qe4 g6
24.Rc2 h5 25.Rf1 Qg7 26.Rg2 Re8 27.h3 Bd8 28.g4 hxg4 29.hxg4 Bf6 30.g5 Be7
31.Rf3 Kf8 32.Rh3 Bd8 33.Rgh2 Ke7 34.Rh7 Qg8 35.Qxg6 Bc7 36.Bc1 Qxg6 37.Bxg6 Rf8
38.Rf2 Rab8 39.f5 exf5 40.Bxf5 b6 41.Re2+ Kd8 42.g6  1-0

[Event "10th TCh-Euro sen"]
[Site "Dresden GER"]
[Date "2008.02.13"]
[Round "3"]
[White "Titz,Hei"]
[Black "Sorensen,B"]
[Result "1/2-1/2"]
[WhiteElo "2205"]
[BlackElo "2228"]

1.c4 c6 2.Nc3 d5 3.e3 Nf6 4.Nf3 e6 5.b3 Nbd7 6.Bb2 Bd6 7.Be2 O-O 8.O-O a6
9.d4 b5 10.cxd5 cxd5 11.Bd3 Bb7 12.Rc1 Ne4 13.Bb1 f5 14.Nxe4 fxe4 15.Ne5 Rc8
16.Rxc8 Qxc8 17.Qg4 Rf5 18.f4 Nxe5 19.dxe5 Bc5 20.Qe2 Rf7 21.Qd2 Rc7  1/2-1/2

[Event "10th TCh-Euro sen"]
[Site "Dresden GER"]
[Date "2008.02.14"]
[Round "4"]
[White "Perman,T"]
[Black "Feavyour,J"]
[Result "1-0"]
[WhiteElo "2092"]
[BlackElo "2094"]

1.c4 c6 2.g3 d5 3.Nf3 Nf6 4.Bg2 e6 5.Qc2 Be7 6.d4 O-O 7.O-O Nbd7 8.b3 Re8
9.Rd1 b6 10.Nbd2 Bb7 11.e4 dxe4 12.Nxe4 Nxe4 13.Qxe4 Bf6 14.Bf4 Qe7 15.Rac1 Rad8
16.h4 Ba8 17.c5 bxc5 18.dxc5 Nxc5 19.Qc4 Rxd1+ 20.Rxd1 e5 21.Bg5 Nd7 22.Bh3 Nb6
23.Qa6 c5 24.Bg2 Bxg5 25.Nxg5 Bxg2 26.Kxg2 e4 27.Re1 f5 28.a4 h6 29.a5 hxg5
30.axb6 axb6 31.hxg5 Qe6 32.Re3 Rd8 33.Qe2 Qg6 34.Qc4+ Qf7 35.g4 Qxc4 36.bxc4 g6
37.gxf5 gxf5 38.Kg3 Kf7 39.Kf4 Ke6 40.Rh3 Rd4 41.Rh6+ Kf7 42.Kxf5 Kg7 43.Rxb6 e3
44.fxe3 Rd7 45.e4 Rf7+ 46.Rf6 Re7 47.g6 Kg8 48.Rf7 Re8 49.e5 Rd8 50.e6  1-0

[Event "10th TCh-Euro sen"]
[Site "Dresden GER"]
[Date "2008.02.15"]
[Round "5"]
[White "Titz,Hei"]
[Black "Olejarczyk,B"]
[Result "0-1"]
[WhiteElo "2205"]
[BlackElo "2163"]

1.c4 c6 2.e4 d5 3.exd5 cxd5 4.d4 Nf6 5.Nc3 e6 6.Nf3 Be7 7.Bg5 O-O 8.Bd3 Nc6
9.O-O Nb4 10.c5 b6 11.cxb6 Nxd3 12.Qxd3 Qxb6 13.Qd2 Rb8 14.Rab1 Ba6 15.Rfc1 Rfc8
16.Bf4 Ra8 17.Ne5 Ne4 18.Nxe4 dxe4 19.Nd7 Qb5 20.Nc5 Bxc5 21.Rxc5 Rxc5 22.dxc5 Qxc5
23.b4 Qb5 24.Be3 Qd3 25.Qe1 Bb5 26.Rd1 Qa3 27.Qd2 Bd3 28.Rc1 h6 29.h3 Rb8
30.Bc5 Qa6 31.Rc3 Qb7 32.a4 a6 33.a5 Rc8 34.Rc1 Qd5 35.Qf4 e5 36.Qf5 Rc6
37.Qh5 Qe6 38.Be3 Rxc1+ 39.Bxc1 f5 40.Be3 Qf7 41.Qd1 f4 42.Bc5 Qf5 43.Kh2 h5
44.Qe1 Kh7 45.Qd1 Kh6 46.Qc1 Kh7 47.Qd1 Bb5 48.Qe1 Bc6 49.Qb1 g6 50.Qf1 Bb5
51.Qc1 Qd7 52.Bb6 Qe6 53.Qe1 Qd5 54.Qc1 Bc6 55.Qc5 Qxc5 56.Bxc5 Kg7 57.h4 Kf6
58.Bd6 Kf5 59.Kg1 Bb5 60.Bc5 Kg4 61.Be7 e3 62.fxe3 fxe3 63.Bg5 Kg3 64.Bxe3 Kxh4
65.Kf2 Kg4 66.Bb6 h4 67.Bc7 Kf4 68.Bd8 g5 69.Be7 Bd7 70.Bf6 h3 71.gxh3 Bxh3
72.Be7 Bd7 73.Bd8 g4 74.Bh4 Ke4 75.Bg3 Bb5 76.Bh2 Kd4 77.Bg3 e4 78.Bf4 Kd3
79.Bg5 Bc6 80.Bf4 Be8 81.Bg5 Bf7 82.Bf4 Bh5 83.Bg5 g3+ 84.Kxg3 e3 85.Bh4 Kd2
86.Kf4 e2 87.Ke5 Be8 88.Kd4 Bb5 89.Bg5+ Kd1 90.Bh4 e1=Q 91.Bxe1 Kxe1 92.Kc3 Ke2
93.Kb2 Kd2 94.Kb3 Kd3 95.Kb2 Bc4  0-1

[Event "2nd Int Open Congress"]
[Site "Brentwood ENG"]
[Date "2008.02.16"]
[Round "1"]
[White "Turner,Ma"]
[Black "Haydon,D"]
[Result "1-0"]
[WhiteElo "2482"]
[BlackElo "2108"]

1.c4 c6 2.e4 d5 3.cxd5 cxd5 4.exd5 Nf6 5.Bb5+ Bd7 6.Bc4 b5 7.Bb3 Na6 8.d4 Nc7
9.Nf3 Bg4 10.Bg5 Nfxd5 11.Nc3 f6 12.Bh4 e6 13.O-O Nxc3 14.bxc3 Nd5 15.h3 Bh5
16.Re1 Bf7 17.Ne5 Qd6 18.Nxf7 Kxf7 19.Qf3 a5 20.Rxe6 Kxe6 21.Bxd5+ Qxd5 22.Re1+  1-0

[Event "79th ch-GER"]
[Site "Bad Woerishofen GER"]
[Date "2008.02.17"]
[Round "3"]
[White "Schunk,T1"]
[Black "Braun,A"]
[Result "0-1"]
[WhiteElo "2284"]
[BlackElo "2536"]

1.c4 c6 2.Nf3 d5 3.b3 dxc4 4.bxc4 e5 5.Qc2 Nd7 6.Bb2 Bd6 7.g3 Ngf6 8.Bg2 O-O
9.O-O Re8 10.d3 Nc5 11.Nc3 Qa5 12.Nd2 Bf5 13.Rad1 Rad8 14.h3 h5 15.e4 Bc8
16.Nb3 Qc7 17.Ne2 h4 18.g4 Nh7 19.Bc1 Ne6 20.c5 Be7 21.f4 b6 22.fxe5 bxc5
23.Bb2 Ba6 24.Kh1 Rd7 25.Nf4 Nhg5 26.Nxe6 Nxe6 27.Qf2 Bf8 28.Qxh4 Rxd3 29.Rxd3 Bxd3
30.Rf5 g6 31.Nc1 Bb5 32.Rf2 Rd8 33.Bf3 Bg7 34.g5 Bxe5 35.Bg4 Nd4 36.Rf6 Bxf6
37.gxf6 Qf4  0-1

[Event "TCh-BEL 2007-8"]
[Site "Belgium BEL"]
[Date "2008.02.17"]
[Round "9"]
[White "Tereick,B"]
[Black "Saltaev,M"]
[Result "1-0"]
[WhiteElo "2372"]
[BlackElo "2502"]

1.c4 c6 2.g3 d5 3.Bg2 Nf6 4.Nf3 g6 5.b3 Bg7 6.Bb2 O-O 7.O-O Bg4 8.d3 Qc8
9.Re1 Rd8 10.Qc2 Na6 11.a3 Qf5 12.Nbd2 Qh5 13.b4 Rac8 14.Ne5 Bh3 15.Bxh3 Qxh3
16.Ndf3 Qh5 17.e4 dxe4 18.dxe4 Nd7 19.Nxd7 Bxb2 20.Qxb2 Rxd7 21.Ne5 Rdd8
22.c5 Nc7 23.f4 Nb5 24.Kg2 Rd4 25.Nf3 Rd3 26.Ne5 Rd4 27.Nf3 Rd3 28.Qe2 Rxa3
29.Rxa3 Nxa3 30.Rd1 Qg4 31.Qa2 Nb5 32.Ng5 Rf8 33.Rd8 e6 34.Nxh7 Kxh7 35.Rxf8 Qd1
36.Rxf7+ Kh6 37.f5 exf5 38.Qf2 Nd4 39.Qf4+  1-0

[Event "XXIV Open"]
[Site "Cappelle La Grande FRA"]
[Date "2008.02.18"]
[Round "3"]
[White "Simutowe,A"]
[Black "Cappon,J"]
[Result "1-0"]
[WhiteElo "2457"]
[BlackElo "2215"]

1.c4 c6 2.d4 d5 3.e3 Nf6 4.Nc3 a6 5.b3 Bf5 6.f3 Bg6 7.Bd3 Nbd7 8.cxd5 cxd5
9.Nge2 b5 10.Nf4 Bxd3 11.Qxd3 e6 12.O-O Bb4 13.Bd2 O-O 14.Kh1 Rc8 15.a3 Bd6
16.g4 h6 17.Kg2 Re8 18.h3 Qe7 19.a4 b4 20.Nce2 a5 21.Ng3 g6 22.Rac1 e5 23.Nxg6 fxg6
24.Qxg6+ Kh8 25.Nf5  1-0

[Event "1st Pfalz Open"]
[Site "Neustadt a.d. Weinstrasse GER"]
[Date "2008.02.18"]
[Round "4"]
[White "Kempinski,R"]
[Black "Sorm,D"]
[Result "1-0"]
[WhiteElo "2590"]
[BlackElo "2330"]

1.c4 c6 2.Nf3 d5 3.e3 Nf6 4.Nc3 Bg4 5.cxd5 Bxf3 6.Qxf3 cxd5 7.g3 Nc6 8.Bg2 e6
9.O-O Be7 10.b3 O-O 11.Bb2 Rc8 12.Rac1 Qa5 13.Rb1 b5 14.Qe2 b4 15.Na4 Nd7
16.Rfc1 Nb6 17.Bf1 Nxa4 18.bxa4 Qb6 19.Qa6 Bc5 20.Ba1 Rc7 21.a3 Rb8 22.Qxb6 Bxb6
23.Bb5 Ne7 24.axb4 a5 25.Be5 Rxc1+ 26.Rxc1 Rc8 27.Rxc8+ Nxc8 28.Bc3 axb4
29.Bxb4 Na7 30.Bd7 g5 31.d4 Bc7 32.Bc5 Bb8 33.g4 Kg7 34.h3 Kf6 35.Kf1 e5
36.Ke2 exd4 37.exd4 Kg6 38.Kd3 h5 39.Kc3 hxg4 40.hxg4 Kf6  1-0

[Event "XXIV Open"]
[Site "Cappelle La Grande FRA"]
[Date "2008.02.19"]
[Round "5"]
[White "Chernyshov,K"]
[Black "Papin,V"]
[Result "1-0"]
[WhiteElo "2543"]
[BlackElo "2475"]

1.c4 c6 2.b3 d5 3.d4 Nf6 4.e3 Bf5 5.Bd3 Bxd3 6.Qxd3 e6 7.Nf3 Nbd7 8.O-O Bd6
9.Nc3 O-O 10.Bb2 Qe7 11.Rad1 Rfd8 12.e4 dxe4 13.Nxe4 Nxe4 14.Qxe4 Ba3 15.Ba1 Bb4
16.Rd3 a5 17.a4 Nf8 18.Rfd1 Rac8 19.g3 f6 20.Kg2 Qf7 21.Bb2 Bd6 22.Bc3 Bc7
23.Qe1 Ra8 24.Re3 Rd7 25.Rd2 b6 26.Red3 Rad8 27.Qe4 Rd6 28.Ne1 Nd7 29.Bb2 Nb8
30.Re2 Re8 31.f4 Rdd8 32.Rde3 Qd7 33.Nf3 Kf7 34.Qxh7 Rh8 35.Qb1 c5 36.Qe4 cxd4
37.Bxd4 Rhe8 38.Qh7 Rg8 39.Qh5+ Ke7 40.Qf5 Be5 41.Rxe5 fxe5 42.Qg5+ Kf8 43.Bxb6 Rc8
44.Rxe5  1-0

[Event "79th ch-GER"]
[Site "Bad Woerishofen GER"]
[Date "2008.02.21"]
[Round "7"]
[White "Bischoff,K"]
[Black "Braun,A"]
[Result "1-0"]
[WhiteElo "2537"]
[BlackElo "2536"]

1.c4 c6 2.d4 d5 3.e3 Nf6 4.Nc3 a6 5.Qc2 e6 6.Nf3 c5 7.cxd5 exd5 8.Be2 Nc6
9.O-O cxd4 10.Nxd4 Be6 11.Nxc6 bxc6 12.Na4 Qc7 13.b3 Bd6 14.f4 O-O 15.Bb2 Ne4
16.Rac1 Rfc8 17.Bf3 Bf5 18.g4 Bd7 19.Bxe4 dxe4 20.Nc5 Bxg4 21.Nxe4 f5 22.Qg2 fxe4
23.Qxg4 Qf7 24.Rfd1 Bf8 25.Rd7 Qg6 26.Qxg6 hxg6 27.Rd4 Re8 28.Rxc6 Rac8 29.Rdc4 Rcd8
30.Bd4 a5 31.Rxg6 Kf7 32.Rg5  1-0

[Event "Aeroflot Open A2"]
[Site "Moscow RUS"]
[Date "2008.02.21"]
[Round "8"]
[White "Askarov,M"]
[Black "Kryakvin,D"]
[Result "1/2-1/2"]
[WhiteElo "2521"]
[BlackElo "2535"]

1.c4 c6 2.Nf3 d5 3.d4 Nf6 4.e3 Bf5 5.Nc3 e6 6.Nh4 Bg6 7.Qb3 Qc7 8.g3 Nbd7
9.Bg2 Nb6 10.c5 Nbd7 11.Nxg6 hxg6 12.f4 b6 13.cxb6 axb6 14.Bd2 Be7 15.e4 dxe4
16.Nxe4 Nxe4 17.Bxe4 Nf6 18.Bf3 Nd5 19.O-O-O Qa7 20.Kb1 O-O 21.h4 Qa4  1/2-1/2

[Event "79th ch-GER"]
[Site "Bad Woerishofen GER"]
[Date "2008.02.22"]
[Round "8"]
[White "Henrichs,T"]
[Black "Braun,A"]
[Result "1-0"]
[WhiteElo "2481"]
[BlackElo "2536"]

1.c4 c6 2.d4 d5 3.Nf3 dxc4 4.e3 Be6 5.Nc3 b5 6.a4 b4 7.Ne4 Nf6 8.Ng3 Qa5
9.Be2 Nbd7 10.O-O c3 11.bxc3 bxc3 12.Qc2 h5 13.h4 Bg4 14.Ng5 e6 15.Bd3 Bd6
16.Ba3 c5 17.N3e4 Be7 18.dxc5 Rc8 19.Bb5 Kf8 20.c6 Ne5 21.Nd6 Rc7 22.f4 Nxc6
23.Ngxf7 Nb4 24.Qb3 Nfd5 25.f5 c2 26.fxe6 Kg8 27.Bxb4 Nxb4 28.Nc4 Rxc4 29.Qxc4  1-0

[Event "XXIV Open"]
[Site "Cappelle La Grande FRA"]
[Date "2008.02.22"]
[Round "8"]
[White "Grabinsky,V"]
[Black "Danielian,E"]
[Result "1/2-1/2"]
[WhiteElo "2295"]
[BlackElo "2480"]

1.c4 c6 2.Nc3 d5 3.cxd5 cxd5 4.d4 Nf6 5.Bf4 Nc6 6.e3 a6 7.Bd3 Bg4 8.Nge2 e6
9.Rc1 Be7 10.Qb3 Ra7 11.a3 O-O 12.Qa2 Bh5 13.b4 Bg6 14.Bxg6 hxg6 15.O-O Bd6
16.Rfd1 Bxf4 17.Nxf4 g5 18.Nd3 Qd6 19.h3 g6 20.Nc5 b6 21.N5a4 Ne7 22.Qe2 Rd8
23.Rc2 Kg7 24.Rdc1 b5 25.Nc5 Rh8 26.a4 bxa4 27.b5 g4 28.bxa6 Raa8 29.Nb5 Qb8
30.a7 Qg8 31.Nxe6+ fxe6 32.Rc7 Qd8 33.Rb7 gxh3 34.Rcc7 h2+ 35.Kh1 Ng8 36.Qg4 Qf8
37.f4 Qf6 38.Nd6 a3 39.Nc8 a2 40.Qd1 Kh6 41.Nxe7 Nxe7 42.Rxe7 Qf5 43.Rb2 Qe4
44.Rxa2 Qxe3 45.f5 Qg1+ 46.Qxg1 hxg1=Q+ 47.Kxg1 exf5 48.Ra6 Kg5 49.Rg7 Kf4
50.Rgxg6 Rh7 51.Rgd6 Raxa7 52.Rxa7 Rxa7 53.Rxd5 Ra2 54.Rd8 Rd2 55.Kh2 Ke4
56.Re8+  1/2-1/2

[Event "XI Open"]
[Site "Malaga ESP"]
[Date "2008.02.23"]
[Round "1"]
[White "Strikovic,A"]
[Black "Fomani,M"]
[Result "1/2-1/2"]
[WhiteElo "2543"]
[BlackElo "2051"]

1.c4 c6 2.e4 d5 3.exd5 cxd5 4.d4 dxc4 5.Bxc4 Qc7 6.Qb3 e6 7.Nc3 Nf6 8.Nb5 Qd8
9.Bf4 Na6 10.Nf3 Bb4+ 11.Nc3 Nd5 12.Bd2 Nxc3 13.bxc3 Be7 14.Bb5+ Bd7 15.Ne5 Nb8
16.Rb1 Nc6 17.Bxc6 Bxc6 18.Nxc6 bxc6 19.Qb7 O-O 20.Qxc6 Bg5 21.f4 Bh4+ 22.g3 Bf6
23.O-O Qa5 24.Rb2 h5 25.a4 g6 26.Qb5 Qc7 27.Qd3 Qc6 28.a5 Rab8 29.Rfb1 Rxb2
30.Rxb2 Qa4 31.a6 Rd8 32.Rb7 h4 33.Be1 h3 34.Qf1 Qa1 35.Rxa7 Rxd4 36.cxd4 Bxd4+
37.Bf2 Bxf2+ 38.Kxf2 Qd4+ 39.Kf3 Qxa7 40.g4 Qd4 41.Kg3 e5 42.fxe5 Qxe5+ 43.Kxh3 Qe3+
44.Kg2 Qe4+ 45.Qf3 Qc2+ 46.Kh3 Qc5 47.Qe2 Kg7 48.Kg3 Kg8 49.Kf4 Qd4+ 50.Kf3 Kg7
51.h4 Kg8 52.h5 gxh5 53.gxh5 Qd5+ 54.Kg3 Qd6+ 55.Kh3 Qa3+ 56.Kh4 Qc5 57.Qe4 Qf2+
58.Kh3 Qc5 59.Qe2 Kg7 60.Kh4 Kf8 61.Qd3 Qf2+ 62.Kh3 Qc5 63.Qf3 Qc8+  1/2-1/2

[Event "6th Festival Gp B"]
[Site "Nancy FRA"]
[Date "2008.02.23"]
[Round "8"]
[White "Paci,C"]
[Black "Delorme,Ax"]
[Result "0-1"]
[WhiteElo "2301"]
[BlackElo "2366"]

1.c4 c6 2.e4 d5 3.cxd5 cxd5 4.exd5 Nf6 5.Bb5+ Nbd7 6.Nc3 g6 7.d4 Bg7 8.d6 exd6
9.Qe2+ Qe7 10.Bf4 d5 11.Bd6 Qxe2+ 12.Ngxe2 a6 13.Ba4 b5 14.Bb3 Nb6 15.Nf4 Be6
16.O-O g5 17.Nd3 Nc4 18.Bb4 Ne4 19.Rfe1 a5 20.Nxb5 axb4 21.Nc7+ Kd7 22.Nxa8 Rxa8
23.Bxc4 dxc4 24.Nxb4 Nd6 25.d5 Bf5 26.Nc6 Bxb2 27.Re7+ Kc8 28.Rae1 c3 29.Na7+ Rxa7
30.Rxa7 c2 31.Ra6 Kd7 32.Rc6 Ba3 33.g4 Bd3 34.f3 Bc4 35.Kf2 c1=Q 36.Rxc1 Bxc1
37.a4 Bd2 38.Rb6 Bxd5 39.Ke2 Bc3 40.Rb8 Nc8 41.Ke3 Bc6 42.f4 gxf4+ 43.Kxf4 Bxa4
44.Kg5 Bc2 45.Rb7+ Kd8 46.Rxf7 Nd6 47.Ra7 Bd2+ 48.Kf6 Ne8+ 49.Ke6 Nc7+ 50.Kf6 h6
51.h4 Be1 52.Kg7 Bd2 53.Kf6 Ne8+ 54.Ke6 Bb3+ 55.Kf5 Nd6+ 56.Kg6 Ke8 57.g5 hxg5
58.hxg5 Nf7 59.Ra8+ Nd8 60.Kf6 Bc3+ 61.Kg6 Bd5 62.Ra3 Bb2 63.Re3+ Kf8 64.Kh7 Bc1
65.Re5 Bg8+ 66.Kg6 Ne6 67.Rf5+ Ke7 68.Ra5 Be3 69.Re5 Bd4 70.Re1 Bf7+ 71.Kf5 Bc3
72.Re4 Kd7 73.g6 Ng7+ 74.Kg5 Be6 75.Ra4 Ke7 76.Ra7+ Bd7 77.Kh6 Ne6 78.Kh7 Bg7
79.Ra6 Bf6 80.Kg8 Ng7 81.Kh7 Bf5 82.Ra7+ Bd7 83.Ra6 Ne6 84.Rxe6+ Bxe6 85.g7 Bf5+
86.Kh8 Bg6 87.Kg8 Ke6 88.Kh8 Be5 89.Kg8 Kf5 90.Kf8 Bd6+ 91.Kg8 Kg5 92.Kh8 Be5
93.Kg8 Kh6  0-1

[Event "25th Festival Open A"]
[Site "Bled SLO"]
[Date "2008.02.25"]
[Round "4"]
[White "Fucak,E"]
[Black "Soln,P"]
[Result "0-1"]
[WhiteElo "2296"]
[BlackElo "2384"]

1.c4 c6 2.e4 d5 3.exd5 cxd5 4.d4 Nf6 5.Nc3 Nc6 6.Nf3 Be6 7.c5 g6 8.b4 a6
9.a3 Bg7 10.Be3 Ne4 11.Qc2 Bg4 12.Rd1 Bxf3 13.gxf3 Nxc3 14.Qxc3 e5 15.dxe5 Bxe5
16.Qc1 Qf6 17.Bg2 Bc3+ 18.Kf1 d4 19.Bh6 Qe6 20.Qg5 f6 21.Qg4 f5 22.Qh4 Kf7
23.f4 d3 24.Bf3 Nd4 25.Rxd3 Qc4 26.Be2 Rae8 27.Bg7 Kxg7 28.Re3 Nxe2  0-1

[Event "3rd l'Ouest Toulousain Open"]
[Site "Colomiers FRA"]
[Date "2008.02.26"]
[Round "2"]
[White "Barsov,A"]
[Black "Lacroix,R"]
[Result "1-0"]
[WhiteElo "2521"]
[BlackElo "2161"]

1.c4 c6 2.e4 e5 3.Nf3 d6 4.d4 Nd7 5.Nc3 Ngf6 6.Be2 Be7 7.O-O O-O 8.Be3 a6
9.d5 cxd5 10.cxd5 Ng4 11.Bd2 f5 12.exf5 Rxf5 13.h3 Nh6 14.Bd3 Rf8 15.Qc2 Nf6
16.Ng5 Kh8 17.a3 g6 18.Ne6 Bxe6 19.dxe6 Nhg8 20.Qb3 d5 21.Rae1 Qd6 22.Re2 b5
23.Rfe1 e4 24.Bb1 Bd8 25.Nxe4 Nxe4 26.Bb4 Qf4 27.g3 Qf3 28.Qxf3 Rxf3 29.Rxe4 dxe4
30.Bxe4 Be7 31.Bxf3 Bxb4 32.axb4 Ra7 33.Rd1 Nf6 34.Rd6 Kg7 35.Rb6 Kf8 36.Bb7 a5
37.Rxb5 axb4 38.Rxb4 Ke7 39.Rb6 Ne8 40.Bd5 Nc7 41.Bc4  1-0